All One Direction Songs - Statistics

General Stats
  • This quiz has been taken 10 times
  • The average score is 64 of 89
Answer Stats
Hint Answer % Correct
Alive
100%
A.M.
100%
Diana
100%
Half a Heart
100%
Happily
100%
History
100%
Infinity
100%
Kiss You
100%
Little White Lies
100%
Midnight Memories
100%
No Control
100%
Olivia
100%
Rock Me
100%
FOUR Steal My Girl
100%
Story of My Life
100%
Up All Night
100%
Walking in the Wind
100%
What a Feeling
100%
Up All Night What Makes You Beautiful
100%
Where Do Broken Hearts Go
100%
18
67%
Act My Age
67%
Another World
67%
Back for You
67%
Midnight Memories Best Song Ever
67%
Better Than Words
67%
Change My Mind
67%
Change Your Ticket
67%
Clouds
67%
C'mon C'mon
67%
Does He Know?
67%
Don't Forget Where You Belong
67%
Drag Me Down
67%
End of the Day
67%
Fireproof
67%
Fool's Gold
67%
Girl Almighty
67%
Gotta Be You
67%
Heart Attack
67%
Made In The A.M. Hey Angel
67%
If I Could Fly
67%
Illusion
67%
Irresistible
67%
I Should've Kissed You
67%
I Want
67%
I Want to Write You a Song
67%
I Wish
67%
I Would
67%
Last First Kiss
67%
Little Black Dress
67%
Little Things
67%
Take Me Home Live While We're Young
67%
Long Way Down
67%
Loved You First
67%
Love You Goodbye
67%
Magic
67%
More Than This
67%
Na Na Na
67%
Never Enough
67%
Night Changes
67%
Once in a Lifetime
67%
One Thing
67%
Over Again
67%
Perfect
67%
Ready to Run
67%
Right Now
67%
Same Mistakes
67%
Save You Tonight
67%
She's Not Afraid
67%
Something Great
67%
Spaces
67%
Still the One
67%
Stockholm Syndrome
67%
Stole My Heart
67%
Strong
67%
Summer Love
67%
Taken
67%
Tell Me a Lie
67%
Temporary Fix
67%
They Don't Know About Us
67%
Through the Dark
67%
Truly Madly Deeply
67%
Why Don't We Go There
67%
You & I
67%
Everything About You
33%
Moments
33%
Nobody Compares
33%
Stand Up
33%
Wolves
33%
No matching quizzes found
Score Distribution
Percent of People with Each Score
Percentile by Number Answered
Your Score History
You have not taken this quiz